La Gestión del ciclo inversor : un nuevo concepto para la obra pública / Carles Anglada... [et al.] un nuevo concepto para la obra pública / Carles Anglada... [et al.]
ISBN:
84-7794-725-2
Publicado:
Barcelona :
Diputació de Barcelona, Àrea de Cooperació, Oficina Tècnica de Cooperació ,
2000
Descripción Física:
60 p. : il. ; 24 cm
Otros Autores:
Anglada Casas, Carles
MARC
| LEADER | 00000nam a2200000Ia 4500 | ||
|---|---|---|---|
| 001 | 12734 | ||
| 008 | 160829s2000 xx 000 0 cat d | ||
| 020 | |a 84-7794-725-2 | ||
| 080 | |a M-2-79 | ||
| 245 | |a La Gestión del ciclo inversor : |b un nuevo concepto para la obra pública / Carles Anglada... [et al.] | ||
| 260 | |a Barcelona : |b Diputació de Barcelona, Àrea de Cooperació, Oficina Tècnica de Cooperació, |c 2000 | ||
| 300 | |a 60 p. : |b il. ; |c 24 cm | ||
| 590 | |a Un altre exemplar en anglès: M-2-80. | ||
| 590 | |a A la coberta: Gestión Urbana y Territorial, OTC | ||
| 650 | |a Edificis públics |x Catalunya |9 31738 | ||
| 650 | |a Obres públiques |x Catalunya |9 38590 | ||
| 700 | |a Anglada Casas, Carles |9 23667 | ||
| 710 | |a Barcelona (Catalunya : Província). |b Oficina Tècnica de Cooperació |9 53580 | ||
| 901 | |a Arxiu | ||
| 942 | |n 1 | ||
| 952 | |0 0 |1 0 |4 0 |6 M279 |7 1 |9 45742 |a Arxiu |b Arxiu |d 2016-12-01 |l 0 |o M-2-79 |p 12734 |r 2016-12-01 00:00:00 |w 2016-12-01 |y ARXIU | ||
| 999 | |c 49242 |d 49242 | ||